Cuando la luz es todo /
保存先:
| 第一著者: | |
|---|---|
| フォーマット: | 図書 |
| 言語: | スペイン語 |
| 出版事項: |
Guadalajara, México :
Gobierno del Estado de Jalisco, Secretaría de Cultura,
1995, c1995
|
| シリーズ: | (Hojas Literarias. Poesía ;
5) |
| 主題: | |
| タグ: |
タグなし, このレコードへの初めてのタグを付けませんか!
|
MARC
| LEADER | 00000nam^a2200000^a^4500 | ||
|---|---|---|---|
| 001 | 000136256 | ||
| 005 | 20250521000000.0 | ||
| 009 | 20260310095311.941 | ||
| 020 | |a 970-624-073-0 | ||
| 037 | |a Acervo ITESO - Biblioteca | ||
| 041 | |a ESP | ||
| 082 | |a 861. |b ESQ | ||
| 100 | |a Esquinca Aguilar, Jorge |e (autor) | ||
| 245 | 1 | 0 | |a Cuando la luz es todo / |c J. Esquinca Aguilar. |
| 264 | 4 | |a Guadalajara, México : |b Gobierno del Estado de Jalisco, Secretaría de Cultura, |c 1995, c1995 | |
| 300 | |a 48 p. | ||
| 336 | |a texto |b txt |2 rdacontenido | ||
| 337 | |a sin mediación |b n |2 rdamedio | ||
| 338 | |a volumen |b nc |2 rdasoporte | ||
| 440 | 1 | |a (Hojas Literarias. |p Poesía ; |v 5) | |
| 545 | 0 | |a Jorge Esquinca Aguilar (México, D.F.) ha realizado estudios de comercio, administración, periodismo, literatura y arte publicitario. De su obra poética destacan sus libros: Entre la claridad y la penumbra (1989), Por la serena sombra (1991) y Cuando la luz es todo (1995). | |
| 649 | |a XX | ||
| 650 | |a Poesía Mexicana | ||
| 650 | |a Literatura Mexicana - |y Siglo XX | ||
| 910 | |a Fondo General | ||
| 920 | |a Impresos - Libros | ||
| 930 | |a Colección General | ||
| 940 | |a Literatura | ||
| 905 | |a 101 | ||
| 901 | |a 0500065018 |b IT1 |c LIT |u 20250521 | ||
| 902 | |a https://opac.biblio.iteso.mx/vufind/Record/000136256 | ||